00889nam a22002057a 450000500170000000700150001700800410003202000220007303500100009504000090010510000160011424500790013025600240020926000360023330000280026950602700029765000370056774000380060485600410064220240305165612.0cr|||| |||| 210819s2018 ca |||||s|||| 00||0 eng d a978-1-55221-495-4 a35005 avLex1 aHelis, John10aQuasi-constitutional Laws of Canadah[Recurso electrónico] /cJohn Helis aServicio en línea aToronto:bIrwin Law Inc.,c2018 a1 recurso electrónico1 aDisponible solo en los productos indicadosdvLex GlobaldvLex Global (Academic Edition, excluding Law Schools)dvLex Global (U.S. Academic Edition, Law Schools)dvLex Global (U.S. Academic Edition, excluding Law Schools)dvLex Global (Academic Edition, Law Schools)04aDerecho ConstitucionalzCanadá0 avLex Libros (Servicio en línea)40uhttps://app.vlex.com/#/sources/35005